| 000 | 005390000a22001810004500 | ||
|---|---|---|---|
| 003 | MACL | ||
| 005 | 20160224172506.0 | ||
| 008 | 160224b xxu||||| |||| 00| 0 eng d | ||
| 040 |
_aMACL _cMACL |
||
| 041 | _aHindi | ||
| 082 | _a549 | ||
| 100 |
_aफूलदेव सहाय वर्मा _939827 |
||
| 245 | _aकोयला | ||
| 260 |
_bप्रकाशन शाखा सूचना विभाग _c1958 _aउत्तर प्रदेश |
||
| 350 | _a8 | ||
| 650 |
_aMinorology _940190 |
||
| 942 |
_cHIN _k549 _2ddc |
||
| 999 |
_c25044 _d25044 |
||